Central Library OPAC University of Rajshahi

History of the national economy of Russia, to the 1917 revolution / (Record no. 59547)

MARC details
000 -LEADER
fixed length control field 01035nam a2200253 a 4500
001 - CONTROL NUMBER
control field 59547
003 - CONTROL NUMBER IDENTIFIER
rucl marc code BD-RjUL
005 - DATE AND TIME OF LATEST TRANSACTION
control field 20211209080738.0
008 - FIXED-LENGTH DATA ELEMENTS--GENERAL INFORMATION
fixed length control field 161226s1949 enkb b 001 0 eng
035 ## - SYSTEM CONTROL NUMBER
System control number (BD-RjUL)59671
040 ## - CATALOGING SOURCE
Original cataloging agency DLC
Transcribing agency OCanM
Modifying agency OCoLC
-- BD-RjUL
Language of cataloging eng
041 1# - LANGUAGE CODE
Language code of text/sound track or separate title eng
Language code of original rus
082 ## - DEWEY DECIMAL CLASSIFICATION NUMBER
Classification number 330.947
Edition number 23
Author mark and year LYH 1949
100 1# - MAIN ENTRY--PERSONAL NAME
Personal name Li︠a︡shchenko, P. I.
Fuller form of name (Petr Ivanovich),
Dates associated with a name 1875-1955.
9 (RLIN) 177117
245 10 - TITLE STATEMENT
Title History of the national economy of Russia, to the 1917 revolution /
Statement of responsibility, etc. translated by L.M. Herman. Introd. by Calvin B. Hoover; maps redrawn under the supervision of Leonard H. Dykes.
260 ## - PUBLICATION, DISTRIBUTION, ETC. (IMPRINT)
Place of publication, distribution, etc. New York :
Name of publisher, distributor, etc. Macmillan,
Date of publication, distribution, etc. 1949.
300 ## - PHYSICAL DESCRIPTION
Pagination xiii, 880 p. :
Illustrations ill, ;
Size 25 cm.
410 ## - SERIES STATEMENT/ADDED ENTRY--CORPORATE NAME [OBSOLETE, CAN/MARC], [LOCAL, USA]
Corporate name or jurisdiction name as entry element Russian translation project series of the American Council of Learned Societies, 4.
500 ## - GENERAL NOTE
General note Include index
651 #0 - SUBJECT ADDED ENTRY--GEOGRAPHIC NAME
Geographic name Soviet Union
General subdivision Economic conditions.
9 (RLIN) 177118
856 ## - ELECTRONIC LOCATION AND ACCESS
Materials specified Russian translation project series of the American Council of Learned Societies, 4.
942 ## - ADDED ENTRY ELEMENTS (KOHA)
Source of classification or shelving scheme Dewey Decimal Classification
Koha item type Books
Holdings
Lost status Source of classification or shelving scheme Damaged status Not for loan Collection code Permanent Location Current Location Shelving location Date acquired Source of acquisition Cost, normal purchase price Total Checkouts Full call number Date last seen Copy number Koha item type
  Dewey Decimal Classification   Not For Loan Non-fiction Central Library, University of Rajshahi Central Library, University of Rajshahi Reading Room 30/07/1957 Allis Books corps 64.40   330.947 LYH 1949 26/12/2016 C-1 Books